000 00440nam a22001577a 4500
003 NUST - PNEC
005 20170116181144.0
008 151008b xxu||||| |||| 00| 0 eng d
040 _cLIBRARY
082 _a891.5511 MIR
100 _914889
_aMirza, Wahid
245 _aThe life and works of Amir Khusrau
_cMirza, Wahid
260 _c1975
650 _914404
_aAmīr Khusraw Dihlavī, approximately 1253-1325
_xGeneral
942 _2ddc
_cBK
999 _c70634
_d70634